000 00314nam a2200097Ia 4500
008 220120s9999||||xx |||||||||||||| ||und||
100 _aJeevitha U.M and others
_912619
245 0 _aProduct demand forecasting using data mining
260 _aCoorg Institute of Technology
_bPonnampet
_c2016
650 _aCOMPUTER SCIENCE
999 _c138217
_d138217